[Event "London Classic Open 2014"]
[Site "London ENG"]
[Date "2014.12.14"]
[Round "8.33"]
[White "Fernandez, Michael"]
[Black "Haldorsen, Benjamin"]
[Result "0-1"]
[WhiteTitle "FM"]
[WhiteElo "2301"]
[BlackElo "2096"]
[WhiteFideId "5803560"]
[BlackFideId "1512633"]
[EventDate "2014.12.08"]

1. Nf3 Nf6 2. d4 g6 3. Nc3 d5 4. Bf4 Bg7 5. Qd2 O-O 6. e3 b6 7. Ne5 Bb7 8. h3 e6
9. O-O-O Nbd7 10. Ng4 a6 11. Bh6 c5 12. Bxg7 Kxg7 13. f4 c4 14. Nxf6 Nxf6 15. g4
b5 16. a3 a5 17. g5 Ne8 18. Nxb5 Qb6 19. Nc3 Bc6 20. Qh2 Nd6 21. Bg2 Nf5 22. Kd2
Qxb2 23. Rb1 Qxa3 24. Ra1 Qd6 25. h4 a4 26. h5 Rh8 27. Bh3 Qb4 28. Bxf5 exf5 29.
Rhb1 Qa5 30. Ra3 h6 31. Qg3 hxg5 32. hxg6 g4 33. Qg2 fxg6 34. Raa1 Rh3 35. Rh1
Rxe3 36. Ra3 Rae8 37. Qh2 Rh3 38. Qg1 Qb4 39. Rxh3 gxh3 40. Ra1 Re4 41. Qg5
Rxd4+ 42. Kc1 h2 43. Qh4 h1=Q+ 44. Qxh1 Qxc3 0-1

[Event "London Classic Open 2014"]
[Site "London ENG"]
[Date "2014.12.14"]
[Round "8.34"]
[White "Constantinou, Peter"]
[Black "Jurgensen, Graham"]
[Result "1-0"]
[WhiteTitle "FM"]
[BlackTitle "CM"]
[WhiteElo "2276"]
[BlackElo "2070"]
[WhiteFideId "413038"]
[BlackFideId "14300788"]
[EventDate "2014.12.08"]

1. d4 Nf6 2. Bg5 Ne4 3. Bf4 g5 4. Bc1 Rg8 5. f3 Nf6 6. e4 d6 7. Be3 Nbd7 8. Qd2
g4 9. Nc3 c6 10. Bd3 Qa5 11. f4 c5 12. Nge2 Bg7 13. O-O a6 14. Rae1 b5 15. e5 b4
16. Ne4 cxd4 17. Nxd4 dxe5 18. Nf5 Rb8 19. fxe5 Nxe4 20. Nxg7+ Rxg7 21. Bxe4
Nxe5 22. Bh6 Rg8 23. Bf4 Rb5 24. a4 Rc5 25. Qd4 f6 26. Bxh7 Rg7 27. Be4 Rc4 28.
Qf2 Qc5 29. Be3 Qc7 30. Bb6 Qb8 31. b3 Rc3 32. Bd4 Rf3 33. gxf3 gxf3+ 34. Kh1
Bh3 35. Rg1 Bg2+ 36. Rxg2 fxg2+ 37. Bxg2 Ng4 38. Qg3 Qd8 39. Bxf6 Qd2 40. Qb8+
Kf7 41. Rxe7+ Kxf6 42. Qf8+ Kg5 43. Rxg7+ Kh4 44. Rh7+ Kg5 45. h4+ Kg6 46. Be4# 1-0

[Event "London Classic Open 2014"]
[Site "London ENG"]
[Date "2014.12.14"]
[Round "8.35"]
[White "Coleman, David J"]
[Black "Shepley, Julien M"]
[Result "1-0"]
[WhiteTitle "CM"]
[WhiteElo "2253"]
[BlackElo "1942"]
[WhiteFideId "402087"]
[BlackFideId "403210"]
[EventDate "2014.12.08"]

1. e4 d6 2. d4 Nf6 3. Nc3 e5 4. Nf3 Nbd7 5. Bc4 Be7 6. a4 c6 7. a5 Qc7 8. O-O
Nxe4 9. Nxe4 d5 10. Re1 O-O 11. Bb3 dxe4 12. Rxe4 Bf6 13. dxe5 Nxe5 14. Bf4
Nxf3+ 15. Qxf3 Qd7 16. Rae1 Qf5 17. h3 Qxa5 18. Be5 Bxe5 19. Rxe5 Qd8 20. Qxf7+
Rxf7 21. Re8+ 1-0

[Event "London Classic Open 2014"]
[Site "London ENG"]
[Date "2014.12.14"]
[Round "8.36"]
[White "Jyothilal, N."]
[Black "Britton, Richard L"]
[Result "0-1"]
[BlackTitle "FM"]
[WhiteElo "2031"]
[BlackElo "2230"]
[WhiteFideId "5002605"]
[BlackFideId "401692"]
[EventDate "2014.12.08"]

1. d4 Nf6 2. c4 g6 3. Nc3 Bg7 4. e4 d6 5. f4 O-O 6. Nf3 Na6 7. e5 Nd7 8. Be2 c5
9. d5 dxe5 10. O-O Qc7 11. Qe1 e4 12. Nxe4 Nf6 13. Bd3 e6 14. Qh4 Nxe4 15. Bxe4
f5 16. Bb1 exd5 17. cxd5 c4 18. Qf2 Nb4 19. a3 Nxd5 20. g3 b5 21. Bd2 Bb7 22.
Bb4 Rfe8 23. Bc5 Nxf4 24. gxf4 Bxf3 25. Bd4 Bxd4 26. Qxd4 Rad8 27. Qc3 Bb7 0-1

[Event "London Classic Open 2014"]
[Site "London ENG"]
[Date "2014.12.14"]
[Round "8.37"]
[White "Stigar, Petter"]
[Black "Jacobsen, Fredrik Beer"]
[Result "1-0"]
[WhiteTitle "FM"]
[WhiteElo "2194"]
[BlackElo "2034"]
[WhiteFideId "1500341"]
[BlackFideId "1507044"]
[EventDate "2014.12.08"]

1. Nf3 Nf6 2. c4 c5 3. g3 g6 4. Bg2 Bg7 5. O-O O-O 6. d4 cxd4 7. Nxd4 Nc6 8. Nc3
a6 9. c5 Nxd4 10. Qxd4 Ne8 11. Qh4 Nc7 12. Bg5 f6 13. Be3 e6 14. Rfd1 Qe7 15.
Rd6 g5 16. Qb4 Rb8 17. Rad1 f5 18. Qb6 Qd8 19. Bxg5 Bf6 20. Bxf6 Rxf6 21. c6 1-0

[Event "London Classic Open 2014"]
[Site "London ENG"]
[Date "2014.12.14"]
[Round "8.38"]
[White "Burke, John S"]
[Black "Bates, Caspar J"]
[Result "1-0"]
[WhiteElo "2026"]
[BlackElo "2185"]
[WhiteFideId "404322"]
[BlackFideId "414760"]
[EventDate "2014.12.08"]

1. d4 Nf6 2. Nf3 e6 3. e3 b6 4. Bd3 Bb7 5. Nbd2 c5 6. O-O Nc6 7. a3 d5 8. b3 Bd6
9. Bb2 O-O 10. Ne5 Bxe5 11. dxe5 Nd7 12. Qh5 g6 13. Qh6 d4 14. f4 f5 15. Nf3
dxe3 16. Ng5 Qe7 17. Nxe6 Qxe6 18. Bc4 Nd8 19. Bxe6+ Nxe6 20. Rfe1 Rfd8 21. Rad1
Ndf8 22. Rd6 Be4 23. c4 Rd7 24. Rxe3 Rad8 25. h4 Rxd6 26. exd6 Nd4 27. Qg5 Rxd6
28. h5 Kf7 29. Qh4 Rf6 30. Kf1 h6 31. hxg6+ Rxg6 32. Qd8 Nfe6 33. Qd7+ Kf6 34.
g3 Rg7 35. Qd6 Kf7 36. Qe5 Rg4 37. Rxe4 fxe4 38. Qh5+ 1-0

[Event "London Classic Open 2014"]
[Site "London ENG"]
[Date "2014.12.14"]
[Round "8.40"]
[White "Othman, Mustapha"]
[Black "Orgler, Philipp"]
[Result "0-1"]
[WhiteElo "1973"]
[BlackElo "2165"]
[WhiteFideId "8500797"]
[BlackFideId "1604236"]
[EventDate "2014.12.08"]

1. e4 c5 2. Nf3 d6 3. d4 cxd4 4. Nxd4 Nf6 5. Nc3 e5 6. Bb5+ Nbd7 7. Nf5 a6 8.
Bxd7+ Qxd7 9. Bg5 Nxe4 10. Nxg7+ Bxg7 11. Nxe4 O-O 12. Nf6+ Bxf6 13. Bxf6 Qf5
14. Qxd6 Qe4+ 15. Kf1 Bh3 16. Rg1 Be6 17. b3 Qxc2 18. Qxe5 Bf5 19. g4 Qd3+ 20.
Qe2 Qh3+ 21. Ke1 Bd3 22. Rg3 Qxg3 23. hxg3 Bxe2 24. Kxe2 Rac8 25. Kd3 Rc6 26. g5
Rfc8 27. f4 Rc1 28. Rxc1 Rxc1 29. a4 Kf8 30. a5 Ke8 31. Kd4 Kd7 32. b4 Rg1 33.
Kc5 Rxg3 34. Be5 Rb3 35. Bg7 Rb1 36. Be5 Rc1+ 37. Kd5 Rc6 38. Bd4 Rd6+ 39. Ke4
Kc6 40. Bc5 Re6+ 41. Kf5 Kd5 42. Bf8 b6 43. axb6 Rxb6 44. Bc5 Rc6 45. Bf8 Re6
46. Bc5 a5 47. Bf8 a4 48. b5 Kc4 49. Kg4 Kxb5 50. Kh5 f5 51. gxf6 Rxf6 0-1

[Event "London Classic Open 2014"]
[Site "London ENG"]
[Date "2014.12.14"]
[Round "8.41"]
[White "Chiu, Howard"]
[Black "Jackson, James P"]
[Result "1-0"]
[WhiteTitle "CM"]
[BlackTitle "FM"]
[WhiteElo "2052"]
[BlackElo "2356"]
[WhiteFideId "5801338"]
[BlackFideId "416860"]
[EventDate "2014.12.08"]

1. e4 g6 2. d4 Bg7 3. Nc3 d6 4. Be3 a6 5. f4 b5 6. Nf3 Bb7 7. Bd3 Nd7 8. e5 c5
9. Be4 Bxe4 10. Nxe4 Nh6 11. exd6 Nf5 12. Bf2 O-O 13. O-O exd6 14. c3 Qc7 15.
Ng3 Nh6 16. Ng5 Nf6 17. h3 Rfe8 18. Qd2 Nf5 19. Nxf5 gxf5 20. dxc5 dxc5 21. Rae1
h6 22. Nf3 Ne4 23. Qc1 Rad8 24. Bh4 f6 25. Rd1 Rxd1 26. Rxd1 Rd8 27. Rxd8+ Qxd8
28. Be1 Qd5 29. a3 Bf8 30. Bd2 Qd3 31. Qf1 Qc2 32. Qc1 Qd3 33. Be3 Qd5 34. Nd2
Nd6 35. Qc2 Kf7 36. Kf2 Ke6 37. a4 h5 38. axb5 axb5 39. Qd1 Ne4+ 40. Ke1 Nxd2
41. Qxd2 Qe4 42. Kf2 h4 43. Qd8 Be7 44. Qb6+ Bd6 45. Qxb5 Bxf4 46. Qe8+ Kd5 47.
Qxe4+ Kxe4 48. Bxf4 Kxf4 49. b4 c4 50. b5 Ke5 51. Ke3 Kd5 52. b6 Kc6 53. Kd4
Kxb6 54. Kxc4 Kc6 55. Kd4 Kd6 56. Ke3 Ke5 57. c4 f4+ 58. Kf3 Kd4 59. Kxf4 Kxc4
60. Kf5 Kd4 61. Kxf6 Ke3 62. Kg5 Kf2 63. Kxh4 Kxg2 64. Kg4 1-0

[Event "London Classic Open 2014"]
[Site "London ENG"]
[Date "2014.12.14"]
[Round "8.42"]
[White "Praczukowski, Stanislaw"]
[Black "Salomon, Johan"]
[Result "0-1"]
[BlackTitle "FM"]
[WhiteElo "1962"]
[BlackElo "2343"]
[WhiteFideId "1182730"]
[BlackFideId "1509500"]
[EventDate "2014.12.08"]

1. e4 e5 2. Nf3 Nc6 3. Bc4 Bc5 4. c3 Nf6 5. d4 exd4 6. cxd4 Bb4+ 7. Bd2 Bxd2+ 8.
Nbxd2 d5 9. exd5 Nxd5 10. Qb3 Nce7 11. O-O O-O 12. Rfe1 c6 13. Ne4 Nb6 14. Rad1
Nxc4 15. Qxc4 Nd5 16. Nc5 Qf6 17. Ne5 Qg5 18. Ne4 Qh6 19. b4 Be6 20. Qb3 Nf6 21.
Qb2 Nxe4 22. Rxe4 Rad8 23. a4 Bd5 24. Re3 f6 25. Rh3 Qg5 26. Rg3 Qh5 27. Ng4 f5
28. Ne3 f4 29. Rh3 Qxh3 30. gxh3 fxe3 31. fxe3 Rd6 32. e4 Rg6+ 0-1

[Event "London Classic Open 2014"]
[Site "London ENG"]
[Date "2014.12.14"]
[Round "8.43"]
[White "Wall, Tim P"]
[Black "Robert, Pierre"]
[Result "0-1"]
[WhiteTitle "FM"]
[WhiteElo "2276"]
[BlackElo "2051"]
[WhiteFideId "401641"]
[BlackFideId "204781"]
[EventDate "2014.12.08"]

1. b3 Nf6 2. Bb2 d5 3. e3 c6 4. Nf3 Bg4 5. d3 Nbd7 6. Nbd2 e5 7. h3 Bxf3 8. Nxf3
Bd6 9. Be2 Qe7 10. a3 O-O 11. O-O Rad8 12. c4 e4 13. Nd2 Be5 14. Qc2 Bxb2 15.
Qxb2 Ne5 16. d4 Ng6 17. b4 Ne8 18. Qb3 f5 19. f3 Nf6 20. cxd5 cxd5 21. fxe4 fxe4
22. Rac1 Rd6 23. Rf2 Qe6 24. b5 Ne7 25. Qb4 b6 26. Rff1 Rdd8 27. Rc7 Nf5 28. Qc3
Rc8 29. Rc6 Ng3 30. Rf2 Nxe2+ 31. Rxe2 Rxc6 32. bxc6 Rc8 33. c7 Qd6 34. Rf2 Rxc7
35. Qb2 Kf8 36. Nf1 Ke7 37. Rf4 Rc8 38. Ng3 g6 39. Kh2 Rf8 40. a4 Nd7 41. Rxf8
Kxf8 42. Qf2+ Ke7 43. Kg1 Qc6 44. Qf4 Qxa4 45. Qh6 Nf6 46. Qg7+ Ke6 47. Ne2 Qd1+
48. Kf2 Qd2 49. Qxa7 Nd7 50. Qc7 Ke7 51. Qc6 Qa2 52. Kf1 Qc4 53. Qa8 b5 54. Kf2
b4 55. Nf4 Kd6 56. Qg8 Nb6 57. Qxh7 Kc6 58. Qxg6+ Kb5 59. Ne6 Qc6 60. Qf7 b3 61.
Nc7+ Kc4 62. Kg1 b2 63. Qf1+ Kb3 0-1

[Event "London Classic Open 2014"]
[Site "London ENG"]
[Date "2014.12.14"]
[Round "8.44"]
[White "Farkas, Lajos Dr."]
[Black "Holleland, Sigve"]
[Result "0-1"]
[WhiteElo "2219"]
[BlackElo "2042"]
[WhiteFideId "711390"]
[BlackFideId "1513672"]
[EventDate "2014.12.08"]

1. d4 d5 2. c4 c6 3. Nc3 dxc4 4. e4 b5 5. a4 b4 6. Na2 e5 7. Nf3 exd4 8. Bxc4
Ba6 9. Bxa6 Nxa6 10. Qxd4 Qxd4 11. Nxd4 Ne7 12. Bd2 Rd8 13. Be3 g6 14. Rc1 Bg7
15. Nxc6 b3 16. Nxd8 bxa2 17. Nb7 Bxb2 18. Ke2 Nb4 19. Bd2 Bxc1 20. Rxc1 Nec6
21. Bc3 O-O 22. Nc5 Rd8 23. Rd1 Re8 24. f4 Nc2 25. Nd7 N6d4+ 26. Kd3 Rd8 27.
Nf6+ Kg7 28. Nd5 Rb8 29. Ne3 Rb1 30. Nxc2 Rxd1+ 31. Kc4 f6 32. Bxd4 Rd2 33. Kc3
Rxg2 34. e5 Rxh2 35. exf6+ Kf7 36. Kb3 Rd2 37. Be5 h5 38. Nb4 h4 39. Nxa2 h3 40.
f5 gxf5 41. Nb4 h2 42. Bxh2 Rxh2 43. Nc6 f4 44. Kc3 Ra2 45. Nxa7 f3 46. Nc6 f2
47. Ne5+ Kf8 48. Ng6+ Ke8 0-1

[Event "London Classic Open 2014"]
[Site "London ENG"]
[Date "2014.12.14"]
[Round "8.45"]
[White "Moradi, Kimia"]
[Black "Farrand, Tom"]
[Result "0-1"]
[WhiteElo "1920"]
[BlackElo "2172"]
[WhiteFideId "12500100"]
[BlackFideId "406457"]
[EventDate "2014.12.08"]

1. e4 c5 2. c3 Nf6 3. e5 Nd5 4. d4 cxd4 5. Nf3 e6 6. cxd4 d6 7. Bc4 Nc6 8. O-O
Be7 9. a3 O-O 10. Re1 Qb6 11. exd6 Bxd6 12. Nc3 Nxc3 13. bxc3 Qc7 14. Bd3 Ne7
15. Qc2 h6 16. c4 b6 17. Be3 Bb7 18. Qd2 Bxf3 19. gxf3 Ng6 20. Kh1 Bxh2 21. Bxh6
Bf4 22. Bxf4 Qxf4 23. Qxf4 Nxf4 24. Bf1 Rfd8 25. Rad1 Rac8 26. a4 a5 27. Rd2 Rd6
28. Red1 Rcd8 29. Bd3 Kf8 30. Bc2 Ke7 31. Kh2 Kf6 32. Be4 Rh8+ 33. Kg3 Kg5 0-1

[Event "London Classic Open 2014"]
[Site "London ENG"]
[Date "2014.12.14"]
[Round "8.47"]
[White "Nettleton, Charlie B"]
[Black "Ethelontis, Alexandros N"]
[Result "0-1"]
[WhiteElo "1910"]
[BlackElo "2160"]
[WhiteFideId "419710"]
[BlackFideId "405469"]
[EventDate "2014.12.08"]

1. e4 e6 2. b3 d5 3. Bb2 Nf6 4. d3 dxe4 5. g4 exd3 6. g5 dxc2 7. Qxd8+ Kxd8 8.
gxf6 cxb1=Q+ 9. Rxb1 Rg8 10. Bd3 g6 11. Nf3 Bd6 12. Ng5 Ke8 13. h4 h5 14. O-O
Nc6 15. Rbd1 Bd7 16. Be4 Rb8 17. Rfe1 Nd8 18. Re2 Bc6 19. Red2 b6 20. Bxc6+ Nxc6
21. Ne4 Bf4 22. Rd7 Rd8 23. Rxd8+ Nxd8 24. Kg2 Nb7 25. Ba3 Nd6 26. Nxd6+ Bxd6
27. Bxd6 cxd6 28. Rxd6 g5 29. Kh3 g4+ 30. Kg3 Rg6 31. Rd4 Rxf6 32. Ra4 a5 33. b4
Rf3+ 34. Kg2 Rf4 0-1

[Event "London Classic Open 2014"]
[Site "London ENG"]
[Date "2014.12.14"]
[Round "8.48"]
[White "Sakai, Sou"]
[Black "Gavriel, Tryfon C"]
[Result "1-0"]
[BlackTitle "CM"]
[WhiteElo "1881"]
[BlackElo "2128"]
[WhiteFideId "7001487"]
[BlackFideId "403105"]
[EventDate "2014.12.08"]

1. d4 f5 2. Nf3 Nf6 3. g3 g6 4. Bg2 Bg7 5. O-O O-O 6. c4 d6 7. Nc3 Nc6 8. d5 Ne5
9. Nxe5 dxe5 10. c5 e4 11. Qb3 e5 12. Rd1 Rf7 13. d6 c6 14. Bg5 Qd7 15. e3 h6
16. Bxf6 Bxf6 17. Bf1 Kg7 18. a4 a5 19. Qc2 h5 20. Nb1 h4 21. Na3 hxg3 22. fxg3
f4 23. Qxe4 Qg4 24. exf4 exf4 25. Qxf4 Bxb2 26. Qxg4 Bxg4 27. Nc4 Bf6 28. Ne3
Bxd1 29. Rxd1 Re8 30. Ng2 Re4 31. Nf4 Rd7 32. Bh3 Rd8 33. Ne6+ Rxe6 34. Bxe6 Bc3
35. Kg2 Kf6 36. Ba2 Bb4 37. Rc1 Ke5 38. Rc4 Rb8 39. Kf3 Rf8+ 40. Ke3 g5 41. Re4+
Kf6 42. Kd4 Rh8 43. Re6+ Kf5 44. Re2 Rd8 45. Rf2+ Kg6 46. Kc4 Re8 47. Bb1+ Kg7
48. Rf5 Bd2 49. Kd3 Bc1 50. Ba2 Rb8 51. d7 Rd8 52. Be6 Kg6 53. Ke4 Bb2 54. h4
gxh4 55. gxh4 Bf6 56. h5+ Kg7 57. h6+ Kg6 58. Rf1 Bc3 59. Rh1 Kf6 60. Bf5 Ke7
61. Bg4 Rg8 62. Bf5 Bh8 63. Rb1 Rb8 64. Rb3 Kd8 65. Kf3 Kc7 66. Re3 Rd8 67. Re8
Bc3 68. h7 Bf6 69. Kg4 1-0

[Event "London Classic Open 2014"]
[Site "London ENG"]
[Date "2014.12.14"]
[Round "8.49"]
[White "Hebbes, Tim"]
[Black "Disu, Kayode"]
[Result "1-0"]
[WhiteElo "2126"]
[BlackElo "1879"]
[WhiteFideId "406570"]
[BlackFideId "432849"]
[EventDate "2014.12.08"]

1. Nf3 d5 2. e3 e6 3. c4 f5 4. Nc3 Nf6 5. b3 Be7 6. Bb2 O-O 7. Be2 c5 8. d4 b6
9. Ne5 Bb7 10. O-O Nbd7 11. Nd3 Bd6 12. Nf4 Bxf4 13. exf4 Ne4 14. dxc5 bxc5 15.
cxd5 Nxc3 16. Bxc3 exd5 17. Bf3 Nf6 18. Be5 Qd7 19. Rc1 Rac8 20. Re1 Rf7 21. Re2
Ne4 22. Rec2 Qe7 23. Qe1 Ba6 24. Rd1 d4 25. Bxe4 fxe4 26. Qxe4 d3 27. Rc3 Qd7
28. Qe3 Qd5 29. h3 Re7 30. Rd2 c4 31. bxc4 Bxc4 32. Rdxd3 Bxd3 33. Rxc8+ Kf7 34.
Qg3 Bg6 35. Qc3 Qd1+ 36. Kh2 Bf5 37. Rc5 Qe2 38. Bxg7 Re6 1-0

[Event "London Classic Open 2014"]
[Site "London ENG"]
[Date "2014.12.14"]
[Round "8.50"]
[White "Terzo, Andrea"]
[Black "Calderon, Paul"]
[Result "1-0"]
[WhiteElo "1809"]
[BlackElo "1866"]
[WhiteFideId "897353"]
[BlackFideId "2082160"]
[EventDate "2014.12.08"]

1. d4 Nf6 2. c4 e6 3. Nc3 Bb4 4. f3 d5 5. a3 Bxc3+ 6. bxc3 b6 7. cxd5 exd5 8. e3
O-O 9. Bd3 Re8 10. Ne2 c5 11. O-O Nc6 12. Ng3 Bb7 13. Nf5 Ne7 14. Re1 Nxf5 15.
Bxf5 Qd6 16. a4 Rad8 17. Rb1 g6 18. Bd3 Nd7 19. Ba3 f5 20. Qc2 Qc6 21. dxc5 bxc5
22. c4 d4 23. exd4 cxd4 24. Qb3 Ba6 25. c5+ Kg7 26. Bxa6 Qxa6 27. Rxe8 Rxe8 28.
Qd5 Qxa4 29. Bb2 Nf6 30. Qxd4 Qc6 31. Qd6 Qxd6 32. cxd6 Rd8 33. Be5 Kf7 34. Rb7+
Ke6 35. Re7+ Kd5 36. Bxf6 Rxd6 37. Bg5 h5 38. Rxa7 Kd4 39. Kf2 Re6 40. Ra2 Kd3
41. Rd2+ Kc3 42. h4 Rc6 43. Bf4 Rc4 44. Bg5 Rxh4 45. Rd6 Ra4 46. Rxg6 f4 47. Rf6
Ra2+ 48. Kg1 Ra1+ 49. Kh2 Kd3 50. Rxf4 Ke2 51. Re4+ Kf1 52. Bh4 1-0

[Event "London Classic Open 2014"]
[Site "London ENG"]
[Date "2014.12.14"]
[Round "8.51"]
[White "Machlik, Jon"]
[Black "Villiers, Thomas"]
[Result "0-1"]
[WhiteElo "1852"]
[BlackElo "2061"]
[WhiteFideId "1513613"]
[BlackFideId "427209"]
[EventDate "2014.12.08"]

1. e4 Nf6 2. e5 Nd5 3. d4 d6 4. c4 Nb6 5. exd6 exd6 6. Nc3 Nc6 7. Be3 Be7 8. Bd3
O-O 9. b3 Re8 10. Nge2 Bg5 11. Qd2 Bxe3 12. fxe3 Qg5 13. Ne4 Qh6 14. c5 Nd5 15.
O-O dxc5 16. dxc5 Qxe3+ 17. Qxe3 Nxe3 18. Rf3 Ng4 19. Raf1 Nce5 20. Rg3 Nxd3 21.
Rxd3 b6 22. N4g3 Ba6 23. Rd7 Nf6 24. Rd2 Re5 25. cxb6 cxb6 26. h3 Rae8 27. Kf2
Ne4+ 28. Nxe4 Rxe4 29. Re1 Rxe2+ 30. Rexe2 Rxe2+ 31. Rxe2 Bxe2 32. Kxe2 Kf8 33.
Kd3 Ke7 34. Kc4 Kd6 35. b4 a6 36. a4 f5 37. Kd4 b5 38. a5 g5 39. g3 h5 40. h4 g4
41. Kd3 Kd5 42. Ke3 Ke5 0-1

[Event "London Classic Open 2014"]
[Site "London ENG"]
[Date "2014.12.14"]
[Round "8.52"]
[White "White, Alastair F"]
[Black "Fernandez Aransay, Fernando"]
[Result "1-0"]
[WhiteElo "2058"]
[BlackElo "1861"]
[WhiteFideId "2402041"]
[BlackFideId "2216280"]
[EventDate "2014.12.08"]

1. e4 c5 2. Nf3 d6 3. d4 cxd4 4. Nxd4 Nf6 5. Nc3 g6 6. f4 Bg4 7. Bb5+ Nbd7 8.
Qd3 e5 9. Nf3 Bxf3 10. Qxf3 Bh6 11. O-O Bxf4 12. Bxf4 exf4 13. Qxf4 Qb6+ 14. Kh1
O-O 15. Rad1 Nh5 16. Qh4 Rad8 17. g4 Nhf6 18. Rxf6 Nxf6 19. Qxf6 a6 20. Nd5 1-0

[Event "London Classic Open 2014"]
[Site "London ENG"]
[Date "2014.12.14"]
[Round "8.54"]
[White "Calvert, D Ian"]
[Black "Rozycki, Bartlomiej"]
[Result "1/2-1/2"]
[WhiteElo "1982"]
[BlackElo "2085"]
[WhiteFideId "406368"]
[BlackFideId "1106996"]
[EventDate "2014.12.08"]

1. b3 d5 2. Bb2 c5 3. e3 Nc6 4. Bb5 Nf6 5. f4 g6 6. Nf3 Bd7 7. Bxc6 Bxc6 8. Ne5
Qc7 9. Nxc6 Qxc6 10. O-O Bg7 11. d3 O-O 12. Nd2 Rfe8 13. a4 Ng4 14. Qxg4 Bxb2
15. Rad1 Rad8 16. f5 Bg7 17. e4 Qf6 18. exd5 Qd4+ 19. Qxd4 Bxd4+ 20. Kh1 Rxd5
21. g4 f6 22. Ne4 b6 23. Rd2 Kf7 24. Rg2 Rg8 25. h3 Re5 26. Kh2 h6 27. Rf3 Rd5
28. Rf1 a6 29. h4 b5 30. axb5 axb5 31. h5 gxh5 32. gxh5 Rxg2+ 33. Kxg2 e6 34. c4
bxc4 35. bxc4 Rd8 36. Rf3 exf5 37. Rxf5 Ke6 38. Rf1 f5 39. Ng3 Rg8 40. Kf3 Be5
41. Ne2 Kf6 42. Rb1 Rd8 43. Nf4 Bxf4 44. Kxf4 Rd4+ 45. Ke3 f4+ 46. Kf2 Rxd3 47.
Rb5 Kg5 48. Rxc5+ Kg4 49. Rc8 Rd2+ 50. Ke1 Rc2 51. c5 Kf3 52. c6 Rc1+ 53. Kd2
Rc5 54. c7 Kf2 55. Rf8 Rxc7 56. Rxf4+ Kg3 57. Rf6 Rh7 58. Ke2 1/2-1/2

[Event "London Classic Open 2014"]
[Site "London ENG"]
[Date "2014.12.14"]
[Round "8.55"]
[White "Kalaiyalahan, Akshaya"]
[Black "Yu, Derek"]
[Result "1-0"]
[WhiteElo "2080"]
[BlackElo "1973"]
[WhiteFideId "422894"]
[BlackFideId "3206203"]
[EventDate "2014.12.08"]

1. d4 d5 2. Nf3 Nf6 3. c4 c6 4. e3 Bf5 5. Nc3 e6 6. Qb3 Qb6 7. Qxb6 axb6 8. Nh4
Bc2 9. cxd5 exd5 10. Bd2 h6 11. Rc1 Bh7 12. Be2 Be7 13. Nf3 Nbd7 14. O-O Ne4 15.
a3 O-O 16. Nxe4 Bxe4 17. Bc3 b5 18. Nd2 Bg6 19. f4 Rfe8 20. g4 Bd6 21. Rf3 Nf6
22. f5 Bh7 23. h3 Re7 24. Re1 Rae8 25. Bd1 Kh8 26. Kg2 Bg8 27. Bc2 Nd7 28. h4
Nf6 29. g5 Nh5 30. Nf1 f6 31. g6 c5 32. Rd1 cxd4 33. Bxd4 Rc7 34. Bb1 Rec8 35.
Kh3 Rc1 36. Rxc1 Rxc1 37. Ba2 Rd1 38. Bb3 Rd3 39. Bc2 Rxd4 40. exd4 Nf4+ 41.
Rxf4 Bxf4 42. Nh2 Bc1 43. b3 Bxa3 44. Nf3 Bd6 45. h5 b4 46. Kg2 Bf4 47. Kf2 Bc7
48. Ke3 Bg3 49. Kd3 Bd6 50. Nd2 Bf4 51. Bd1 Bd6 52. Bf3 Bf4 53. Nf1 Bd6 54. Ne3
b6 55. Nxd5 Bxd5 56. Bxd5 Bg3 57. Be6 Bf2 58. d5 Bc5 59. Kc4 Bd6 60. Kb5 Bc5 61.
Kc6 Bf8 62. d6 b5 63. d7 Be7 64. Kxb5 Bd8 65. Kc6 Ba5 66. Kb7 Bd8 67. Kc8 Be7
68. Bc4 Bf8 69. Bd3 Be7 70. d8=Q+ Bxd8 71. Kxd8 Kg8 72. Kd7 Kf8 73. Kd6 Ke8 74.
Bb5+ Kd8 75. Ke6 1-0

[Event "London Classic Open 2014"]
[Site "London ENG"]
[Date "2014.12.14"]
[Round "8.56"]
[White "Kalavannan, Koby"]
[Black "Lien, Kjell Hakon"]
[Result "0-1"]
[WhiteElo "1935"]
[BlackElo "2078"]
[WhiteFideId "425753"]
[BlackFideId "1510444"]
[EventDate "2014.12.08"]

1. d4 d5 2. Nf3 c6 3. Nbd2 Nf6 4. c4 e6 5. g3 Bd6 6. Bg2 O-O 7. O-O Nbd7 8. b3
e5 9. e3 e4 10. Ne1 Re8 11. h3 Nf8 12. a4 Ng6 13. c5 Bc7 14. b4 Be6 15. f4 exf3
16. Qxf3 Qd7 17. g4 Nh4 18. Qf2 Nxg2 19. Nxg2 h5 20. g5 Ne4 21. Nxe4 dxe4 22. h4
Bg4 23. Nf4 Bf3 24. Qg3 a5 25. Bd2 axb4 26. Bxb4 Bxf4 27. Qxf4 Qh3 28. Qh2 Qg4+
29. Kf2 Be2 30. Rfe1 Qf3+ 31. Kg1 Qxe3+ 32. Qf2 Qxf2+ 33. Kxf2 Bd3 34. Ke3 Red8
35. a5 Rd5 36. Ra2 Rad8 37. Bc3 Rf5 38. Rf2 Rdd5 39. Rf4 g6 40. Rf2 Rxf2 41.
Kxf2 Rf5+ 42. Kg2 Rf4 43. Rh1 e3 44. Re1 e2 45. Kg3 Rf1 46. Kh2 Kf8 47. Kg3 Ke7
48. Kg2 Ke6 49. Kh2 Kd5 50. Kg3 Kc4 51. Bd2 Kxd4 52. Bb4 Kc4 53. Bd2 Kxc5 54.
Bc3 Kc4 55. Bd2 Kb3 56. Kg2 c5 57. Kg3 Kc2 58. Rxe2 Bxe2 59. Be3 c4 60. Bb6 Kd3
61. a6 bxa6 62. Ba5 Ke4 63. Bc3 Rf3+ 0-1

[Event "London Classic Open 2014"]
[Site "London ENG"]
[Date "2014.12.14"]
[Round "8.57"]
[White "Cannon, Raymond C"]
[Black "Gutkind, Kedem"]
[Result "1-0"]
[WhiteElo "1956"]
[BlackElo "2064"]
[WhiteFideId "408018"]
[BlackFideId "1046519"]
[EventDate "2014.12.08"]

1. e4 e6 2. d4 d5 3. Nd2 c5 4. dxc5 Bxc5 5. Bd3 Nf6 6. Qe2 Nc6 7. c3 O-O 8. Ngf3
e5 9. h3 h6 10. O-O Re8 11. exd5 Nxd5 12. Ne4 Bb6 13. Ng3 Nf4 14. Bxf4 exf4 15.
Ne4 f5 16. Rad1 Bd7 17. Bc4+ Kf8 18. Nfg5 Rxe4 19. Nxe4 fxe4 20. Qxe4 Qc7 21.
Qd5 1-0

[Event "London Classic Open 2014"]
[Site "London ENG"]
[Date "2014.12.14"]
[Round "8.58"]
[White "Rygg, Snorre"]
[Black "Clark, Ian C"]
[Result "1/2-1/2"]
[WhiteElo "1865"]
[BlackElo "2053"]
[WhiteFideId "1516035"]
[BlackFideId "407682"]
[EventDate "2014.12.08"]

1. c4 e6 2. d4 d5 3. Nc3 Nf6 4. Nf3 Bb4 5. Bd2 O-O 6. e3 Nbd7 7. Bd3 Re8 8. O-O
b6 9. cxd5 exd5 10. Qb3 Bxc3 11. bxc3 Bb7 12. c4 Qe7 13. Rac1 c5 14. Rfe1 dxc4
15. Bxc4 Ne4 16. Qd3 Rad8 17. Rcd1 Nxd2 18. Qxd2 Bxf3 19. gxf3 Ne5 20. Qe2 Nxc4
21. Qxc4 Qh4 22. e4 cxd4 23. Rxd4 Rc8 24. Qb3 Rc5 25. Rd7 Rg5+ 26. Kh1 Rf8 27.
Rg1 Rxg1+ 28. Kxg1 Qg5+ 1/2-1/2